En el sesenta y cinco aniversario de las huelgas por la jornada de las ocho horas /
Gorde:
| Egile nagusia: | |
|---|---|
| Formatua: | Texto |
| Etiketak: |
Etiketa erantsi
Etiketarik gabe, Izan zaitez lehena erregistro honi etiketa jartzen!
|
MARC
| LEADER | 00000 a a2200000 04500 | ||
|---|---|---|---|
| 001 | 1612 | ||
| 003 | |||
| 040 | |||
| 100 | |a Acuña Ortega, Víctor Hugo | ||
| 245 | |a En el sesenta y cinco aniversario de las huelgas por la jornada de las ocho horas / |c Víctor Hugo Acuña Ortega | ||
| 773 | |g número 25; páginas 26-28 | ||
| 999 | |c 33785 |d 33785 | ||
